00365nam a22001337a 450000500170000000800410001704100130005808200130007110000130008424500440009726000340014130000310017565000250020620240502123727.0240502b |||||||| |||| 00| 0 eng d aEnglish  a349 LAW  lEnglish  aThe Law Reports: King's Bench Division  aLondon: bTHE COUNCIL, c1933 bxxvi, 883 pages; c25 cm.  aLegal practicebLaw